00334nam a2200133Ia 4500008004100000100003200041245003100073250001200104260004100116300000800157650001300165942000700178999001500185190216s9999||||xx |||||||||||||| ||und|| aRoger Hunt And John Shelley 0aComputers And Common Sense a4th Ed. bPrentice Hall Of India Pvt Ltdc1995 a208 aComputer cBK c8545d8545